000 00911nam a22003017a 4500
001 00260
003 DO-SdBNP
005 20240731120612.0
008 151215b2006 sp 00| 0 spa d
020 _a8466626913
040 _aBPMSU
_bspa
_cBPMSU
082 4 _a833.91
_bF982g 2006
_222
092 _axxxxx
_bxxxxx
100 1 _aFunke, Cornelia,
_d1958-
245 1 0 _a¡Que viene el zorro! /
_cCornelia Funke ; traducción de María Alonso.
250 _a2a ed.
260 _aBarcelona :
_bEdiciones B,
_c2006.
300 _a254 p. :
_bil ;
_c24 cm.
490 0 _aLas gallinas locas
490 1 _aLas gallinas locas
534 _pTítulo original :
_tWilden Hühner Fuchsalarm.
590 _aInventariado,2024/VM
650 4 _aNovela infantil alemana
650 4 _aVacaciones
_vNovela infantil
700 1 _aAlonso, María,
_etraductor
910 _aVMateo V. Control de calidad. BPMSU
942 _2ddc
_cBK
999 _c9115
_d9115